Nonlinear time series: nonparametric and parametric methods
Guardat en:
| Autors principals: | , |
|---|---|
| Format: | Llibre |
| Idioma: | anglès |
| Publicat: |
Nueva York
Springer
2005
|
| Col·lecció: | Springer Series in Statistics
|
| Matèries: | |
| Etiquetes: |
Afegir etiqueta
Sense etiquetes, Sigues el primer a etiquetar aquest registre!
|
MARC
| LEADER | 00000nam a2200000 a 4500 | ||
|---|---|---|---|
| 001 | UCI6202 | ||
| 003 | CL-VaPUC | ||
| 008 | 080425e20050000US |||||||||||||||||eng|d | ||
| 020 | |a 0387261427 | ||
| 082 | 0 | 4 | |a 519.76 |b FAN |2 21 |
| 100 | 0 | |a Fan, Jianqing |e author |9 528917 | |
| 700 | 0 | |a Yao, Qiwei |e author |9 528918 | |
| 245 | 1 | 0 | |a Nonlinear time series: nonparametric and parametric methods |
| 300 | |a 551 p | ||
| 942 | |c BK | ||
| 945 | |d 20080425 00:00:00 |a rbrito | ||
| 260 | |a Nueva York |b Springer |c 2005 | ||
| 650 | 0 | |a Programación no lineal |9 259385 | |
| 650 | 7 | |a TEORIA NOLINEAR |2 CL-VaPUC |9 528919 | |
| 650 | 0 | |a Análisis de series de tiempo |9 260363 | |
| 650 | 7 | |a METODOS PARAMETRICOS |2 CL-VaPUC |9 528920 | |
| 650 | 7 | |a METODOS NO PARAMETRICOS |2 CL-VaPUC |9 407136 | |
| 650 | 0 | |a Métodos estadísticos |9 259407 | |
| 583 | |a last modification |c 20080425 00:00:00 |k Rodrigo Vera | ||
| 490 | 0 | |a Springer Series in Statistics | |
| 999 | |c 329739 |d 329737 | ||
| 952 | |0 0 |1 0 |4 0 |6 519_760000000000000_FAN_2005 |7 0 |8 A |9 414776 |a BIBGIM |b BIBGIM |d 2019-11-22 |i 4432495 |o 519.76 FAN 2005 |p 4432495 |r 2025-01-15 |w 2019-11-22 |y BK |k EST | ||
| 952 | |0 0 |1 0 |4 0 |6 519_760000000000000_FAN_2005 |7 0 |8 A |9 414777 |a BIBGIM |b BIBGIM |d 2019-11-22 |i 4432509 |o 519.76 FAN 2005 |p 4432509 |r 2025-01-15 |w 2019-11-22 |y BK |k EST | ||
| 952 | |0 0 |1 0 |4 0 |6 519_760000000000000_FAN_2005 |7 0 |8 A |9 414778 |a BIBGIM |b BIBGIM |d 2019-11-22 |i 4432517 |o 519.76 FAN 2005 |p 4432517 |r 2025-01-15 |w 2019-11-22 |y BK |k EST | ||
| 952 | |0 0 |1 0 |4 0 |6 519_760000000000000_FAN_2005 |7 0 |8 A |9 414779 |a BIBGIM |b BIBGIM |d 2019-11-22 |i 4432525 |o 519.76 FAN 2005 |p 4432525 |r 2025-01-15 |w 2019-11-22 |y BK |k EST | ||